000 00721nam a2200241Ia 4500
001 23620
003 GE_BSU
008 181216s||||||||xx |||||||||||||| ||und||
020 _a9992846615
040 _cGE_BSU
080 _a84(479.22)"09/10
100 _aლორთქიფანიძე, მარიამ
245 _aმეფე ბაგრატ მესამე
245 _cრედ. გ. გაბუნია
260 _aქუთაისი
260 _c2002
300 _a83 გვ. 21 სმ. ილ.
541 _h4ლ. 10თ.
653 _aისტორია
653 _aმეფე ბაგრატ მესამე
653 _aქსეროქსი
942 _cBK
999 _c56506
_d56506